Normal view
MARC view
Entry Personal Name
001 - CONTROL NUMBER
- control field: 265596
003 - CONTROL NUMBER IDENTIFIER
- control field: OSt
005 - DATE AND TIME OF LATEST TRANSACTION
- control field: 20260610101028.0
008 - FIXED-LENGTH DATA ELEMENTS
- fixed length control field: 260610|| aca||aabn | a|a d
040 ## - CATALOGING SOURCE
- Original cataloging agency: OSt
- Transcribing agency: OSt
100 ## - HEADING--PERSONAL NAME
- Personal name: VIGNESHVARA VARMUDI.
- Dates associated with a name: ವಿಘ್ನೇಶ್ವರ ವರ್ಮುಡಿ
670 ## - SOURCE DATA FOUND
- Source citation: Work cat.: (OSt)105812: VIGNESHVARA VARMUDI. ವಿಘ್ನೇಶ್ವರ ವರ್ಮುಡಿ, Stevia., 2003